| 000 | 00000nam##2200000za#4500 |
| 001 | 9.682906 |
| 003 | CaOODSP |
| 005 | 20221104105554 |
| 007 | ta |
| 008 | 150407|2005||||xxc||||| f|0| 0 fre|d |
| 020 | |a0-662-74350-4 |
| 040 | |aCaOODSP|bfre |
| 043 | |an-cn--- |
| 086 | 1 |aR64-316/2005F |
| 110 | 2 |aParcs Canada. |
| 245 | 10|aLieu historique national du Canada du Fort-Walsh : |bplan directeur |
| 260 | |aWinnipeg - Manitoba : |bParcs Canada |c2005. |
| 300 | |avi, 36p. : |bfigures, tableau, photographies ; |c22 cm. |
| 563 | |aReliure à spirale |
| 590 | |a05-26|b2005-06-30 |
| 691 | 07|aGestion|2gcpds |
| 691 | 07|aPlanification|2gcpds |
| 691 | 07|aLieu historique|2gcpds |
| 775 | 08|tFort Walsh National Historic Site of Canada : |w(CaOODSP)9.649749 |
| 776 | 0#|tLieu historique national du Canada du Fort Walsh |w(CaOODSP)9.822495 |